Recopilación de tratados y convenciones celebrados entre la república de Chile y las potencias extranjeras
Bewaard in:
| Hoofdauteur: | |
|---|---|
| Formaat: | Boek |
| Taal: | Spaans |
| Gepubliceerd in: |
Santiago
Cervantes
1894
|
| Editie: | 1a. ed |
| Onderwerpen: | |
| Tags: |
Voeg label toe
Geen labels, Wees de eerste die dit record labelt!
|
MARC
| LEADER | 00000nam a2200000 a 4500 | ||
|---|---|---|---|
| 001 | UCW9740 | ||
| 003 | CL-VaPUC | ||
| 008 | 890614e18940000CL |||||||||||||||||spa|d | ||
| 082 | 0 | 4 | |a 341.24 |b BAS |2 21 |
| 100 | 0 | |a Bascuñán Montes, Aurelio |e author |9 315117 | |
| 245 | 1 | 0 | |a Recopilación de tratados y convenciones celebrados entre la república de Chile y las potencias extranjeras |
| 250 | |a 1a. ed | ||
| 300 | |a v | ||
| 942 | |c BK | ||
| 945 | |d 19890614 00:00:00 | ||
| 260 | |a Santiago |b Cervantes |c 1894 | ||
| 650 | 0 | |a Relaciones Internacionales |9 255740 | |
| 650 | 0 | |a Tratados internacionales |9 256056 | |
| 650 | 0 | |a Fuentes Históricas |9 265141 | |
| 651 | 7 | |a CHILE |2 CL-VaPUC |9 315145 | |
| 583 | |a last modification |c 19890614 00:00:00 |k Rodrigo Vera | ||
| 999 | |c 221640 |d 221638 | ||
| 952 | |0 0 |1 0 |4 0 |6 341_240000000000000_BAS_1894 |7 0 |8 X |9 215324 |a BIBHIS |b BIBHIS |d 2019-11-15 |h v.1 |i 2837412 |o 341.24 BAS 1894 |p 2837412 |r 2024-01-30 |w 2019-11-15 |y BK_X |k HIS | ||
| 952 | |0 0 |1 0 |4 0 |6 341_240000000000000_BAS_1894 |7 0 |8 X |9 215325 |a BIBHIS |b BIBHIS |d 2019-11-15 |h v.2 |i 2837420 |o 341.24 BAS 1894 |p 2837420 |r 2024-01-30 |w 2019-11-15 |y BK_X |k HIS | ||
| 952 | |0 0 |1 0 |4 0 |6 341_240000000000000_BAS_1894 |7 0 |8 X |9 215326 |a BIBHIS |b BIBHIS |d 2019-11-15 |h v.3 |i 2837439 |o 341.24 BAS 1894 |p 2837439 |r 2024-01-30 |w 2019-11-15 |y BK_X |k HIS | ||
| 952 | |0 0 |1 0 |4 0 |6 341_240000000000000_BAS_1894 |7 0 |8 X |9 215327 |a BIBHIS |b BIBHIS |d 2019-11-15 |h v.2 |i 2837447 |o 341.24 BAS 1894 |p 2837447 |r 2024-01-30 |w 2019-11-15 |y BK_X |k HIS | ||
| 952 | |0 0 |1 0 |4 0 |6 341_240000000000000_BAS_1894 |7 0 |8 X |9 215328 |a BIBDER |b BIBDER |d 2019-11-15 |h v.1 |i 1821563 |o 341.24 BAS 1894 |p 1821563 |r 2023-01-25 |w 2019-11-15 |y BK_X |k DER | ||
| 952 | |0 0 |1 0 |4 0 |6 341_240000000000000_BAS_1894 |7 0 |8 X |9 215329 |a BIBDER |b BIBDER |d 2019-11-15 |h v.2 |i 1821571 |o 341.24 BAS 1894 |p 1821571 |r 2023-01-25 |w 2019-11-15 |y BK_X |k DER | ||
| 952 | |0 0 |1 0 |4 0 |6 341_240000000000000_BAS_1894 |7 0 |8 X |9 215330 |a BIBDER |b BIBDER |d 2019-11-15 |h v.3 |i 182158K |o 341.24 BAS 1894 |p 182158K |r 2023-01-25 |w 2019-11-15 |y BK_X |k DER | ||
| 952 | |0 0 |1 0 |4 0 |6 341_240000000000000_BAS_1894 |7 0 |8 X |9 215331 |a FDOBUD |b FDOBUD |d 2019-11-15 |h v.1 |i 1009141 |o 341.24 BAS 1894 |p 1009141 |r 2019-11-15 |w 2019-11-15 |y BK_X |k BUD | ||
| 952 | |0 0 |1 0 |4 0 |6 341_240000000000000_BAS_1894 |7 0 |8 X |9 215332 |a FDOBUD |b FDOBUD |d 2019-11-15 |h v.1 |i 1009168 |o 341.24 BAS 1894 |p 1009168 |r 2019-11-15 |w 2019-11-15 |y BK_X |k BUD | ||
| 952 | |0 0 |1 0 |4 0 |6 341_240000000000000_BAS_1894 |7 0 |8 X |9 215333 |a FDOBUD |b FDOBUD |d 2019-11-15 |h v.2 |i 100915K |o 341.24 BAS 1894 |p 100915K |r 2019-11-15 |w 2019-11-15 |y BK_X |k BUD | ||